Электронно-микроскопическое изучение радиационно-химического разложения азидов серебра; Сборник аннотаций научно-исследовательских работ (по результатам научных исследований за 1973 г.)

Detaylı Bibliyografya
Parent link:Сборник аннотаций научно-исследовательских работ (по результатам научных исследований за 1973 г.).— 1975.— С. 85-86
Yazar: Захаров Ю. А. Юрий Александрович
Diğer Yazarlar: Мешков В. А., Зелинский В. Ю., Рябых С. М.
Dil:Rusça
Baskı/Yayın Bilgisi: 1975
Konular:
Materyal Türü: Kitap Bölümü
KOHA link:https://koha.lib.tpu.ru/cgi-bin/koha/opac-detail.pl?biblionumber=313095

MARC

LEADER 00000naa2a2200000 4500
001 313095
005 20231101013837.0
035 |a (RuTPU)RU\TPU\book\338478 
035 |a RU\TPU\book\338476 
090 |a 313095 
100 |a 20160113d1975 k y0rusy50 ca 
101 0 |a rus 
102 |a RU 
200 1 |a Электронно-микроскопическое изучение радиационно-химического разложения азидов серебра  |f Ю. А. Захаров [и др.] 
463 0 |0 (RuTPU)RU\TPU\book\144498  |t Сборник аннотаций научно-исследовательских работ (по результатам научных исследований за 1973 г.)  |h Вып. 6  |f Томский политехнический университет (ТПУ) ; под ред. В. А. Москалева  |v С. 85-86  |d 1975  |p 198 с. 
610 1 |a труды учёных ТПУ 
700 1 |a Захаров  |b Ю. А.  |c российский химик  |c профессор Томского политехнического университета  |f 1938-  |g Юрий Александрович  |2 stltpush  |3 (RuTPU)RU\TPU\pers\19791 
701 1 |a Мешков  |b В. А. 
701 1 |a Зелинский  |b В. Ю. 
701 1 |a Рябых  |b С. М. 
801 1 |a RU  |b 63413507  |c 20160113 
801 2 |a RU  |b 63413507  |c 20160113  |g RCR 
942 |c BK